000 01070nam a22003497a 4500
003 CHAP
005 20220817043714.0
008 000918d1999 it a rn 00110 eng d
010 _a82257
011 _a83229
020 _a9251043876
035 _a93740
040 _cCHAP
082 0 4 _a338.19
_bF55
110 2 _aFAO
245 1 0 _aFied programme management :
_bfood ,nutrition and development
_c/by FAO
260 _aRome :
_bFAO,
_c1999.
300 _a236 p. :
_bilus.
590 _aBATCH-UPD
_b10
_c20130110
_lUCH01
_h1149
590 _aBATCH-UPD
_b10
_c20130410
_lUCH01
_h0734
590 _aBATCH-UPD
_b10
_c20130914
_lUCH01
_h0158
590 _aCONVERSION
_b10
_c20130109
_lUCH01
_h1346
650 1 4 _aAlimentos
_xAspectos economicos.
_94170
650 1 4 _aAlimentos
_xMercadeo.
_94245
650 1 4 _aAlimentos
_xTecnología.
_94284
650 1 4 _aNutrición.
_982246
650 1 4 _aPolítica alimentaria.
_990389
901 _aBK
905 _aPatricia Mendoza P.
942 _cLIBRO
949 _a338.19 F55
_bBC
_cFAO
_d33724000787735
_eFAO1
_h98649
_i93740
_kDonaciØn
_sb
999 _c82257
_d82257